000 00824nam a2200229 a 4500
001 000041259
005 20201002034731.0
008 130927s1982 sp 000 0 spa d
020 _a8400051564
040 _aDO-SdBNP
_bspa
_cBNPHU
100 1 _aArranz, Luis
_967863
245 1 0 _aDon Diego Colón, almirante, virrey y gobernador de las Indias.
260 _aMadrid :
_bCSIC,
_c1982.
300 _av. (392) p. ;
_c25 cm.
490 1 _aTierra nueva e cielo nuevo
_v5
504 _aIncluye referencias bibliográficas y notas al pie de las páginas
500 _aLa biblioteca posee el v. 1
500 _aMedio milenio del decubrimiento de América
505 _av. 1
_tDon Diego Colón
710 2 _aConsejo Superior de Investigaciones Científicas, (España)
_963834
830 0 _aTierra nueva e cielo nuevo
_v5
_915388
999 _c40749
_d40749